[Event "Fouesnant op 14th"]
[Site "Fouesnant"]
[Date "2008.10.31"]
[Round "8"]
[White "Cogan, Guillaume"]
[Black "Caramaro, Jean"]
[Result "1-0"]
[WhiteElo "1600"]
[BlackElo "1010"]
[PlyCount "37"]
[EventDate "2008.10.25"]
[EventType "swiss"]
[EventRounds "9"]
[EventCountry "FRA"]
[SourceTitle "EXT 2009"]
[Source "ChessBase"]
[SourceDate "2008.11.26"]
[SourceVersion "1"]
[SourceVersionDate "2008.11.26"]
[SourceQuality "1"]

1. e4 e5 2. Nf3 Nc6 3. Nc3 Nf6 4. Bc4 Bb4 5. a3 Ba5 6. b4 Bb6 7. d3 d6 8. Bg5 Bg4 9. Bb5 h6 10. Bh4 a6 11. Ba4 0-0 12. Ne2 Bxf3 13. gxf3 d5 14. Qd2 Bd4 15. c3 Bb6 16. Rg1 Qd7 17. Bxf6 Qe6 18. Rxg7+ Kh8 19. Qxh6# 1-0